Niños.

I tiakina i:
Ngā taipitopito rārangi puna kōrero
Kaituhi matua: Ferrada, María José (autor)
Ētahi atu kaituhi: Valdez, María Elena (ilustraciones)
Hōputu: Tē mōhiotia
I whakaputaina: Santiago, Chile: Liberalia Ediciones, 2020.
Putanga:1ª edición.
Ngā marau:
Ngā Tūtohu: Tāpirihia he Tūtohu
Kāore He Tūtohu, Me noho koe te mea tuatahi ki te tūtohu i tēnei pūkete!

MARC

LEADER 00000 a2200000 4500
003 CL-VaPUC
005 20250311094622.0
008 230608t2020 ||||| |||| 00| 0 eng d
999 |c 441111  |d 441109 
020 |a 978-956-8484-94-1 
040 |c Pontificia Universidad Católica de Valparaíso 
082 |a Ch861 FER 2020. 
100 |a Ferrada, María José  |9 582087  |e autor 
245 |a Niños. 
250 |a 1ª edición. 
260 |a Santiago, Chile:  |b Liberalia Ediciones,  |c 2020. 
300 |a 71 páginas. 
583 |k GC  |c 20230608 
650 0 |a Poesías chilenas   |9 265280  |x Niños  |x Historia  |y 1973-1990 
700 |a Valdez, María Elena  |e ilustraciones  |9 882932 
942 |2 ddc  |c BK 
952 |0 0  |1 0  |2 ddc  |4 0  |6 CH_861_000000000000000_FER_2020  |7 0  |8 A  |9 590456  |a BIBEDU  |b BIBEDU  |c GEN  |d 2023-06-08  |e 3  |g 12363.00  |i 5657750  |l 7  |o Ch861 FER 2020  |p 5657750  |r 2024-11-28  |s 2024-11-28  |t 1  |v 12363.00  |w 2023-06-08  |y BK  |k LIT